000 00743nam a22001937a 4500
999 _c166540
_d166540
005 20190726165825.0
010 _aUR-10298
020 _c190.00
_a9789388356022
035 _aU-8853
037 _bDBAD/PUB
082 _a841.08
100 _aکا ظمی نصير فا طمہ
245 _aا کبر کی طنز يہ شا عر ی کے ا متيا ز ی پہلو
_cکا ظمی نصير فا طمہ
246 _bAkbar ki Tanzia Shaeri ke Imtiazi Pehlu (Urdu)
_aby Nasir Fatima Kazmi
260 _a Delhi
_bEducational Publishing House
_c2018 ء
270 _a3191,Vakil Street,Kucha Pandit Lal Kuan,
_bDelhi
_e110006
_k23216162
_l0091-1123211540
300 _a172 ص
_c22 Cm(Hb)
942 _2ddc
_cUR
_h841.08
_mک ا ظ